| 000 | 01118nam0a2200337 4500 | ||
|---|---|---|---|
| 001 | RU\NLR\BIBL_A\022671887 | ||
| 005 | 20260210103521.0 | ||
| 010 |
_a978-5-17-173692-7 _95000 |
||
| 021 |
_aRU _bКН-П-25-061793 _9КН-П-25-5972 |
||
| 035 | _a(NLR Aleph) 022671887 | ||
| 090 |
_a13552086 _c13552086 |
||
| 100 | _a20251124d2025 u y0rusy50 ca | ||
| 101 | 1 |
_arus _ceng |
|
| 102 | _aRU | ||
| 105 | _ay z 000ay | ||
| 181 | 0 |
_ai4 _baxxe |
|
| 182 | 0 | _an | |
| 200 | 1 |
_aВлюбленный маркиз _e[роман] _fВалери Боумен _gперевод с английского Е. Токарева |
|
| 203 |
_aТекст _bвизуальный _cнепосредственный |
||
| 210 |
_aМосква _cАСТ _d2025 |
||
| 215 |
_a254, [1] с. _d16 |
||
| 225 | 1 | _aСерия "Шарм" | |
| 225 | 1 | _aМини-Шарм | |
| 333 | _a16+ | ||
| 686 | 1 | _aШ6(7США)67-440.4{Лх1979-50} | |
| 700 | 1 |
_aБоумен _bВ. _gВалери _3RU\NLR\AUTH\770145286 |
|
| 942 | _cBOOK | ||
| 980 | _aNB | ||